Φυτοκοινωνιολογική - οικολογική μελέτη της λιμνοθάλασσας του Αγίου Μάμα Χαλκιδικής και προτάσεις διαχείρισης : φάση 2: 1993-94
Αποθηκεύτηκε σε:
| Κύριος συγγραφέας: | |
|---|---|
| Άλλοι συγγραφείς: | , |
| Μορφή: | Βιβλίο |
| Γλώσσα: | Greek |
| Δημοσίευση: |
Θεσσαλονίκη :
Μουσείο Γουλανδρή και Φυσικής Ιστορίας. Ελληνικό Κέντρο Βιότοπων-Υγρότοπων,
1994
|
| Θέματα: | |
| Ετικέτες: |
Προσθήκη ετικέτας
Δεν υπάρχουν, Καταχωρήστε ετικέτα πρώτοι!
|
MARC
| LEADER | 00000cam a2200000 i 4500 | ||
|---|---|---|---|
| 001 | 1/7250 | ||
| 008 | 960730s1994 gre d | ||
| 035 | |l 10016638 | ||
| 040 | |a GR-MY-UA |b gre |e aacr | ||
| 041 | 0 | |a gre | |
| 082 | 0 | |a 574.5263650949565 | |
| 100 | 1 | |a Μπαμπαλωνάς, Δημήτριος Γ. | |
| 245 | 1 | 0 | |a Φυτοκοινωνιολογική - οικολογική μελέτη της λιμνοθάλασσας του Αγίου Μάμα Χαλκιδικής και προτάσεις διαχείρισης : |b φάση 2: 1993-94 / |c Δημήτριος Μπαμπαλώνας ; Εύα Παπαστεργιάδου ; Βίκη Μαζουλούζη |
| 260 | |a Θεσσαλονίκη : |b Μουσείο Γουλανδρή και Φυσικής Ιστορίας. Ελληνικό Κέντρο Βιότοπων-Υγρότοπων, |c 1994 | ||
| 300 | |a 79 σ. |b πιν., σχημ. | ||
| 504 | |a Περιέχει βιβλιογραφία | ||
| 651 | 0 | |a Hagios Mamas (Chalkidike, Greece) | |
| 650 | 0 | |a Lagoon ecology |z Greece |z Chalkidike. | |
| 650 | 0 | 0 | |a Estuarine ecology |z Greece |z Chalkidike. |
| 700 | 1 | |a Παπαστεργιάδου, Εύα. | |
| 700 | 1 | |a Μαζουλούζη, Βίκη. | |
| 852 | |a INST |b LESVOS |e 19960730 |h 574.5263650949565 ΜΠΑ |p 005100009380 |q 005100009380 |t BK |y 0 | ||
| 909 | |a Λ |b 043622 | ||
| 970 | |z 2000/05/ΟΙΚΟΝΟΜΟΠΟΥΛΟΥ ΧΡΙΣΤΙΝΑ | ||